Toutes les armes de Valorant - Statistiques

Statistiques générales
  • Ce quiz a été pris 148 fois
    34 depuis la dernière actualisation
  • Le résultat moyen est 17 sur 20
Statistiques - réponses
Type de l'arme Réponse % Correct
Fusil de sniper Operator
100%
Fusil Phantom
100%
Fusil Vandal
100%
Arme de poing Classic
93%
Arme de poing Ghost
93%
Fusil de sniper Marshall
89%
Mitrailleuse Odin
89%
Pistolet Mitrailleur Spectre
89%
Fusil Bulldog
86%
Fusil à pompe Judge
86%
Arme de poing Sheriff
86%
Fusil à pompe Bucky
82%
Fusil Guardian
82%
Pistolet Mitrailleur Stinger
82%
Arme de mêlée Couteau
79%
Arme de poing Frenzy
79%
Mitrailleuse Ares
75%
Fusil de sniper Outlaw
75%
Arme de poing Shorty
68%
Arme de poing Bandit
64%
Aucun quiz correspondant
Distribution des résultats
% des personnes avec chaque résultat
Percentile par nombre de réponses
Votre historique - résultats
Vous n’avez pas pris ce quiz depuis la dernière actualisation